000 00186nam a2200085Ia 4500
008 120527s9999 xx 000 0 und d
100 _aTURY, R.
245 _aSteel Design file
942 _cBK
999 _c25612
_d25612